From watery and fluffy to soft and formed What shapes our stool? /

Elmentve itt :
Bibliográfiai részletek
Szerzők: Annaházi Anita
Schemann Michael
Dokumentumtípus: Cikk
Megjelent: 2021
Sorozat:JOURNAL OF PHYSIOLOGY-LONDON 599 No. 20
Tárgyszavak:
doi:10.1113/JP282280

mtmt:35735087
Online Access:http://publicatio.bibl.u-szeged.hu/40311
LEADER 00853nab a2200229 i 4500
001 publ40311
005 20260604112019.0
008 260604s2021 hu o 000 eng d
022 |a 0022-3751 
024 7 |a 10.1113/JP282280  |2 doi 
024 7 |a 35735087  |2 mtmt 
040 |a SZTE Publicatio Repozitórium  |b hun 
041 |a eng 
100 1 |a Annaházi Anita 
245 1 5 |a From watery and fluffy to soft and formed  |h [elektronikus dokumentum] :  |b What shapes our stool? /  |c  Annaházi Anita 
260 |c 2021 
300 |a 4521-4522 
490 0 |a JOURNAL OF PHYSIOLOGY-LONDON  |v 599 No. 20 
650 4 |a Általános orvostudomány 
650 4 |a Klinikai orvostan 
700 0 1 |a Schemann Michael  |e aut 
856 4 0 |u http://publicatio.bibl.u-szeged.hu/40311/1/TheJournalofPhysiology-2021-Annahazi-FromwateryandfluffytosoftandformedWhatshapesourstool.pdf  |z Dokumentum-elérés